| 000 | 00566nam a22001577a 4500 | ||
|---|---|---|---|
| 003 | OSt | ||
| 005 | 20151024160402.0 | ||
| 008 | 151024b xxu||||| |||| 00| 0 eng d | ||
| 040 | _cRUA | ||
| 082 | _aAVM HUO 2013 B107 Or.1 | ||
| 100 |
_92825 _aHUOT THEARY |
||
| 245 | _aNutrient value and palatable for cattle corn stalk silage, (សិក្សាលើគុណភាព និងភាពទទួលយករបស់គោ លើដើមពោតផ្អាប់) | ||
| 260 |
_aPhnom Penh _bRua _c2013 |
||
| 300 |
_axp; 37p. _bill. _c29cm. |
||
| 942 |
_2ddc _cAVM |
||
| 999 |
_c2644 _d2644 |
||